| 000 | 01114nam a22003377a 4500 | ||
|---|---|---|---|
| 003 | CHAP | ||
| 005 | 20220817042134.0 | ||
| 008 | 971013s1967 r 00010 d | ||
| 010 | _a35815 | ||
| 011 | _a36787 | ||
| 035 | _a40906 | ||
| 040 | _cCHAP | ||
| 082 |
_a634.3083 _bF3 |
||
| 110 | _aFAO | ||
| 245 | _aCompendio de estadísticas de frutos cítricos | ||
| 260 |
_aRoma : _bFAO, _c1967 |
||
| 300 | _a169 p. | ||
| 490 |
_aFAO. Documentación sobre productos básicos _v; 4 |
||
| 590 |
_aBATCH-UPD _b10 _c20130110 _lUCH01 _h2255 |
||
| 590 |
_aBATCH-UPD _b10 _c20130410 _lUCH01 _h1548 |
||
| 590 |
_aBATCH-UPD _b10 _c20130914 _lUCH01 _h0958 |
||
| 590 |
_aCONVERSION _b10 _c20130109 _lUCH01 _h1320 |
||
| 650 | 1 | 4 |
_aCítricos _xEstadísticas. _924429 |
| 790 | _aCompedium of citrus statistics | ||
| 830 | 0 |
_aFAO. Documentación sobre productos básicos _v; 4 _939527 |
|
| 901 | _aBK | ||
| 942 | _cLIBRO | ||
| 949 |
_a634.3083 F3 _bBC _cFAO _d-93716 _eFAO1 _h22986 _i40906 _si |
||
| 949 |
_a634.3083 F3 _bBC _cFAO _d-93718 _eFAO2 _fc.2 _h22987 _i40906 _si |
||
| 949 |
_a634.3083 F3 _bBC _cFAO _d-93721 _eFAO2 _fc.3 _h22988 _i40906 _si |
||
| 999 |
_c35815 _d35815 |
||